Music Quiz

Random Music or Taylor Swift Quiz

Taylor Swift's Tell Me Why Quiz Stats

 Plays Quiz not verified by Sporcle

Challenge
Share
Tweet
Embed
Score 0/298 Timer 10:00
0 Plays Today
% Correct
I
99.2%
I
99.2%
you
99.2%
you
99.2%
I
99.2%
I
99.2%
you
99.2%
I
99.2%
you
99.2%
you
99.2%
you
99.2%
you
99.2%
I
99.2%
you
99.2%
you
99.2%
you
99.2%
you
99.2%
I
99.2%
you
99.2%
I
99.2%
you
99.2%
you
99.2%
I
99.2%
I
99.2%
you
99.2%
you
99.2%
I
99.2%
you
99.2%
you
99.2%
you
99.2%
you
99.2%
I
99.2%
you
99.2%
I
99.2%
you
99.2%
you
99.2%
you
99.2%
you
99.2%
I
99.2%
you
99.2%
you
99.2%
you
99.2%
you
99.2%
you
99.2%
me
98.5%
me
98.5%
me
98.5%
me
98.5%
me
98.5%
me
98.5%
me
98.5%
me
98.5%
me
98.5%
me
98.5%
me
98.5%
me
98.5%
me
98.5%
me
98.5%
me
98.5%
me
98.5%
me
98.5%
me
98.5%
a
98.3%
a
98.3%
a
98.3%
a
98.3%
a
98.3%
a
98.3%
a
98.3%
a
98.3%
tell
97.9%
tell
97.9%
tell
97.9%
tell
97.9%
tell
97.9%
to
97.7%
to
97.7%
to
97.7%
to
97.7%
to
97.7%
to
97.7%
to
97.7%
to
97.7%
to
97.7%
to
97.7%
why
96.7%
why
96.7%
why
96.7%
why
96.7%
and
96.3%
and
96.3%
and
96.3%
your
96.3%
and
96.3%
and
96.3%
and
96.3%
your
96.3%
and
96.3%
and
96.3%
and
96.3%
% Correct
your
96.3%
and
96.3%
and
96.3%
your
96.3%
and
96.3%
and
96.3%
your
96.3%
and
96.3%
your
96.3%
I'm
96.1%
I'm
96.1%
I'm
96.1%
I'm
96.1%
I'm
96.1%
I'm
96.1%
I'm
96.1%
I'm
96.1%
I'm
96.1%
the
95.8%
the
95.8%
do
95.6%
do
95.6%
but
94.8%
but
94.8%
no
94.8%
but
94.8%
no
94.8%
that
94.6%
that
94.6%
that
94.6%
that
94.6%
that
94.6%
like
94.4%
like
94.4%
like
94.4%
like
94.4%
see
94.2%
know
94.2%
love
94.2%
know
94.2%
know
94.2%
see
94.2%
know
94.2%
know
94.2%
see
94.2%
know
94.2%
love
94.2%
not
93.8%
of
93.8%
of
93.8%
of
93.8%
of
93.8%
it
93.6%
don't
93.3%
in
93.3%
don't
93.3%
in
93.3%
took
92.9%
took
92.9%
took
92.9%
took
92.9%
you're
92.7%
you're
92.7%
you're
92.7%
you're
92.7%
you're
92.7%
think
92.5%
down
92.3%
down
92.3%
down
92.3%
down
92.3%
tired
92.1%
tired
92.1%
feel
92.1%
feel
92.1%
tired
92.1%
tired
92.1%
shot
91.7%
bulletproof
91.7%
who
91.7%
sick
91.7%
then
91.7%
sick
91.7%
then
91.7%
sick
91.7%
then
91.7%
sick
91.7%
then
91.7%
here
91.1%
on
90.9%
on
90.9%
attitude
90.6%
attitude
90.6%
might
90.2%
feeling
90.2%
feeling
90.2%
hard
90%
are
90%
swing
89.6%
got
89.6%
% Correct
around
89.6%
got
89.6%
around
89.6%
got
89.6%
around
89.6%
got
89.6%
around
89.6%
what
89.2%
what
89.2%
what
89.2%
what
89.2%
what
89.2%
need
88.4%
need
88.4%
chance
88.2%
doing
87.5%
so
87.5%
push
87.5%
doing
87.5%
so
87.5%
so
87.5%
push
87.5%
ground
87.1%
when
86.9%
when
86.9%
from
86.7%
for
86.7%
for
86.7%
for
86.7%
said
86.3%
said
86.3%
heartbeat
85.7%
remember
85.7%
heartbeat
85.7%
remember
85.7%
make
85.5%
night
85.4%
night
85.4%
here's
85.2%
last
85.2%
here's
85.2%
last
85.2%
want
84.8%
want
84.8%
one
84.6%
one
84.6%
mean
84.4%
believe
84.4%
mean
84.4%
believe
84.4%
my
83.2%
my
83.2%
my
83.2%
have
82.9%
have
82.9%
streak
82.7%
streak
82.7%
can
81.7%
reasons
81.5%
reasons
81.5%
run
81.3%
run
81.3%
temper
80.9%
temper
80.9%
cover
80.5%
cover
80.5%
makes
79.8%
makes
79.8%
thing
78.8%
how
78.4%
only
78.4%
mind
78%
could
76.3%
say
76.3%
day
76.1%
put
76.1%
small
75.7%
ruin
74.8%
someone's
74.8%
inside
74.8%
perfect
74.6%
dreams
74%
cut
73.8%
write
73.8%
book
73.8%
cut
73.8%
I've
73.6%
trying
72.6%
whole
71.5%
yes
71.1%
get
71.1%
yes
71.1%
confused
69.7%
forget
67.8%
oh
67.6%
frustrated
65.5%
ask
61.3%
well
55.5%

You're not logged in!

Compare scores with friends on all Sporcle quizzes.
Join for Free
OR
Log In

You Might Also Like...

Show Comments

Extras

Created Feb 9, 2012ReportNominate
Tags:Taylor Swift Quiz

Top Quizzes Today


Score Distribution

Your Account Isn't Verified!

In order to create a playlist on Sporcle, you need to verify the email address you used during registration. Go to your Sporcle Settings to finish the process.

Report this User

Report this user for behavior that violates our Community Guidelines.

Details: